000 01061pam a2200361 a 4500
001 9076
003 FISKH
005 20251119081413.0
008 870925s1989 nyua j 000 1 eng
010 _a 87045852
020 _a0060223618 :
_c$11.95
020 _a0060223952 (lib. bdg.) :
020 _a9780060223618
020 _a9780060223953
035 _a4788400
040 _aDLC
_cDLC
_dDLC
_beng
050 0 0 _aPZ7.H63487
_bAi 1989
082 _a570
100 1 _aHoban, Julia.
245 1 0 _aAmy loves the snow /
_cby Julia Hoban ; pictures by Lillian Hoban.
260 _aNew York :
_bScholastic,
_c1989.
300 _a24 unnumbered pages :
_bcolor illustrations ;
_c16 cm
505 _aG
520 _aAmy builds a snowman with her parents.
521 8 _a390
_bLexile
521 8 _aG
_bRaz-Plus
650 1 _aSnow
_xFiction.
650 1 _aSnowmen
_xFiction.
650 1 _aParent and child
_xFiction.
700 1 _aHoban, Lillian,
_eillustrator
906 _a7
_bcbc
_corignew
_d1
_eocip
_f19
_gy-gencatlg
942 _2ddc
_cBK
_n0
999 _c9076
_d9076